| 000 | 00000ces 2200000za 4500 |
| 001 | 9.832719 |
| 003 | CaOODSP |
| 005 | 20260409100921 |
| 006 | s|| m f0 | |
| 006 | m go c f |
| 007 | cr c|||||||||| |
| 008 | 170221c19899999onc|||||||b fo | ||eng|d |
| 040 | |aCaOODSP|beng |
| 043 | |an-cn--- |
| 086 | 1 |aM183-2E-PDF |
| 130 | 0 |aOpen file (Geological Survey of Canada) |
| 245 | 10|aOpen file |h[electronic resource]. |
| 260 | |aOttawa : |bGeological Survey of Canada, |c[198-]- |
| 310 | |aIrregular |
| 500 | |aThis series is for maps. For publications, please see also M183-2E-PDF (http://www.publications.gc.ca/pub?id=9.506878&sl=0). |
| 500 | |aPublications in this series have not been edited; they are released as submitted by the author. |
| 515 | |aNumbering shared for print publications, CD-ROMs and maps. |
| 692 | 07|2gccst|aGeology |
| 692 | 07|2gccst|aMaps |
| 710 | 2 |aGeological Survey of Canada. |
| 775 | 08|tDossier public. |w(CaOODSP)9.880246 |
| 775 | 08|t[Open file] = |w(CaOODSP)9.961755 |